Wisconsin High School Football - Statistics

General Stats
  • This quiz has been taken 157 times
  • The average score is 74 of 374
Answer Stats
Answer % Correct
Fond du Lac
53%
Manitowoc Lincoln
53%
Chippewa Falls
52%
Madison East
49%
Madison West
49%
Beaver Dam
48%
Port Washington
48%
Appleton East
47%
Eau Claire North
47%
Neenah
45%
Oshkosh North
45%
Superior
45%
Appleton West
44%
Hudson
44%
Kaukauna
44%
Kimberly
44%
Oconomowoc
44%
Waukesha West
44%
Appleton North
43%
Green Bay East
43%
Menomonie
43%
Stevens Point
43%
Waupaca
43%
De Pere
42%
Onalaska
42%
Oshkosh West
42%
Rhinelander
42%
Verona
42%
Wausau East
42%
Wausau West
42%
Green Bay West
41%
Janesville Craig
41%
Janesville Parker
41%
Middleton
41%
Muskego
41%
Platteville
41%
River Falls
41%
Arrowhead
40%
Ashland
40%
Ashwaubenon
40%
D.C. Everest
40%
Shawano
40%
Waukesha North
40%
Green Bay Preble
39%
Marquette University
39%
Portage
39%
Brookfield East
38%
Eau Claire Memorial
38%
Franklin
38%
La Crosse Central
38%
Pulaski
38%
Waukesha South
38%
Menasha
36%
Sheboygan North
36%
Sheboygan South
36%
West De Pere
36%
Whitefish Bay
36%
Baraboo
35%
Kettle Moraine
35%
Madison Memorial
35%
Marshfield
35%
Monroe
35%
Watertown
35%
Whitewater
35%
Wisconsin Rapids
35%
Bay Port
34%
DeForest
34%
Marinette
34%
Notre Dame
34%
Tomah
34%
Wisconsin Dells
34%
Brookfield Central
33%
Reedsburg
33%
Sturgeon Bay
33%
Sun Prairie East
33%
Columbus
32%
Hortonville
32%
Jefferson
32%
Kewaunee
32%
Menomonee Falls
32%
Merrill
32%
Sun Prairie West
32%
Waunakee
32%
Hartford
31%
La Crosse Logan
31%
Mont/Princeton/Green Lake
31%
Nicolet
31%
Chilton
30%
Oregon
30%
Rice Lake
30%
Slinger
30%
Cedarburg
28%
Clinton
28%
Denmark
28%
Dodgeville
28%
Marathon
28%
Mount Horeb/Barneveld
28%
Oconto
28%
Sauk Prairie
28%
West Bend West
28%
Antigo
27%
Barron
27%
Homestead
27%
Oak Creek
27%
Pewaukee
27%
Sparta
27%
Stoughton
27%
West Bend East
27%
Fort Atkinson
26%
Kohler/Sheb.Luth./Christian
26%
Lake Mills
26%
Milton
26%
Monona Grove
26%
Mukwonago
26%
New Richmond
26%
South Milwaukee
26%
Sussex Hamilton
26%
Green Bay Southwest
25%
Little Chute
25%
New London
25%
Omro
25%
Amherst
24%
Clintonville
24%
Holmen
24%
Lakeland
24%
Luxemburg-Casco
24%
Madison La Follette
24%
Oconto Falls
24%
Ozaukee
24%
Seymour
24%
Aquinas
23%
Cudahy
23%
Gale-Ettrick-Trempealeau
23%
Milwaukee Washington
23%
Pepin/Alma
23%
Sheboygan Falls
23%
Tomahawk
23%
Adams-Friendship
22%
Bonduel
22%
Brillion
22%
Freedom
22%
Germantown
22%
Mauston
22%
Ripon
22%
Saint Mary Catholic
22%
Two Rivers
22%
Xavier
22%
Burlington
20%
Elkhorn
20%
Hayward
20%
Lomira
20%
Oostburg
20%
Winnebago Lutheran
20%
Altoona
19%
Badger
19%
Brown Deer
19%
Catholic Memorial
19%
Edgewood
19%
Kenosha Bradford
19%
Kewaskum
19%
Medford
19%
Milwaukee King
19%
Milwaukee Lutheran
19%
Milwaukee South
19%
North Fond du Lac
19%
Wautoma
19%
Wauwatosa West
19%
Wisconsin Lutheran
19%
Crandon
18%
Cuba City
18%
Lodi
18%
Milwaukee North
18%
Mosinee
18%
New Berlin Eisenhower
18%
Prairie du Chien
18%
Racine Case
18%
Shiocton
18%
Southern Door
18%
Stanley-Boyd
18%
Stratford
18%
Wauwatosa East
18%
Wrightstown
18%
Colby
17%
East Troy
17%
Grafton
17%
Mineral Point
17%
Mondovi
17%
Pacelli
17%
Saint Croix Falls
17%
Viroqua
17%
Waupun
17%
Winneconne
17%
Wittenberg-Birnamwood
17%
Baldwin-Woodville
16%
Beloit Memorial
16%
Black River Falls
16%
Edgar
16%
Greendale
16%
Greenfield
16%
Hurley
16%
Kiel
16%
Manitowoc Lutheran
16%
McFarland
16%
New Berlin West
16%
New Glarus/Monticello
16%
Palmyra-Eagle
16%
Plymouth
16%
Racine Park
16%
Random Lake
16%
Richland Center
16%
Saint Mary's Springs
16%
Shorewood/Messmer
16%
Valders
16%
Abbotsford
15%
Elk Mound
15%
Evansville
15%
Fox Valley Lutheran
15%
Kenosha Tremper
15%
Kettle Moraine Lutheran
15%
Ladysmith
15%
Lakeside Lutheran
15%
Marshall
15%
Martin Luther
15%
Neillsville/Granton
15%
Racine Horlick
15%
Regis
15%
Weyauwega-Fremont
15%
Big Foot
14%
Cedar Grove-Belgium
14%
Edgerton
14%
Milwaukee Academy of Science
14%
Milwaukee Hamilton
14%
Milwaukee Riverside
14%
Spooner
14%
Berlin
13%
Crivitz
13%
Deerfield
13%
Horicon/Hustisford
13%
Iola-Scandinavia
13%
Kenosha Indian Trail
13%
Laconia
13%
Luther
13%
Nekoosa
13%
Pius XI Catholic
13%
Racine St. Catherine's
13%
Saint Croix Central
13%
West Salem
13%
Whitnall
13%
Amery
11%
Cameron
11%
Johnson Creek
11%
Kenosha St. Joseph
11%
New Holstein
11%
Northland Pines
11%
Osseo-Fairchild
11%
Reedsville
11%
Saint Francis
11%
Waterford
11%
West Allis Central
11%
Whitehall
11%
Cadott
10%
Cambridge
10%
Chetek-Weyerhaeuser
10%
Darlington
10%
Fall Creek
10%
Fall River/Rio
10%
Grantsburg
10%
Howard's Grove
10%
Mayville
10%
Mishicot
10%
Pardeeville
10%
Rosholt
10%
Spencer/Columbus Catholic
10%
Turtle Lake
10%
Wild Rose
10%
Auburndale
9%
Black Hawk/Warren
9%
Bloomer
9%
Brookfield Academy
9%
Campbellsport
9%
Coleman
9%
Ellsworth
9%
Lancaster
9%
Loyal
9%
Milwaukee Bradley Tech
9%
Peshtigo
9%
Randolph
9%
Roncalli
9%
Union Grove
9%
Webster
9%
Arcadia
8%
Assumption
8%
Augusta
8%
Bangor
8%
Belleville
8%
Benton/Scales Mound/Shullsburg
8%
Delavan-Darien
8%
Markesan
8%
Milwaukee Bay View
8%
New Lisbon
8%
Northwestern
8%
Parkview/Albany
8%
Prescott
8%
River Valley
8%
Turner
8%
Boyceville
7%
Colfax
7%
Highland
7%
Lake Country Lutheran
7%
Lourdes Academy
7%
Milwaukee Madison
7%
Milwaukee Pulaski
7%
Milwaukee Reagan
7%
Obama SCTE
7%
Osceola
7%
Racine Lutheran
7%
Somerset
7%
Southwestern/East Dubuque
7%
USM
7%
Waterloo
7%
West Allis Hale
7%
Westby
7%
Brodhead/Juda
6%
Cambria-Friesland
6%
Clear Lake
6%
Cumberland
6%
Durand-Arkansaw
6%
Hilbert
6%
Independence/Gilmanton
6%
Iowa-Grant
6%
Manawa
6%
Menominee Indian
6%
Milwaukee Marshall
6%
Milwaukee Vincent
6%
Pecatonica/Argyle
6%
Pittsville
6%
Poynette
6%
Saint John's NW
6%
Watertown Luther Prep
6%
Westosha Central
6%
Wilmot
6%
Boscobel
5%
Dodgeland
5%
Fennimore
5%
Hillsboro
5%
Kenosha Christian Life
5%
Potosi/Cassville
5%
Rib Lake/Prentice
5%
Spring Valley
5%
Unity
5%
Wauzeka/Seneca
5%
Westfield
5%
Cochrane-Fountain City
3%
Dominican
3%
Eleva-Strum
3%
Elmwood/Plum City
3%
Glenwood City
3%
Ithaca
3%
Melrose-Mindoro
3%
Necedah
3%
Saint Thomas More
3%
Cashton
2%
Flambeau
2%
Riverdale
2%
Royall
2%
Shoreland Lutheran
2%
Blair-Taylor
1%
Catholic Central
1%
River Ridge
1%
SWCHA
1%
Brookwood
0%
Kingdom Prep Lutheran
0%
Living Word Lutheran
0%
Milwaukee Excellence Charter S
0%
No matching quizzes found
Score Distribution
Percent of People with Each Score
Percentile by Number Answered
Your Score History
You have not taken this quiz